Política Social: vínculo entre Estado y sociedad /

Gespeichert in:
Bibliographische Detailangaben
1. Verfasser: Reuben Soto, Sergio
Körperschaft: Universidad de Costa Rica. Facultad de Ciencias Sociales. Escuela de Antropología y Sociología
Weitere Verfasser: ed.
Format: Text
Veröffentlicht: San José: UCR
Schlagworte:
Tags: Tag hinzufügen
Keine Tags, Fügen Sie den ersten Tag hinzu!

MARC

LEADER 00000 a a2200000 04500
001 26962
003
040
020 |a 9977-67-621-6  
090 |a 183108  
100 |a Reuben Soto, Sergio  
110 |a Universidad de Costa Rica. Facultad de Ciencias Sociales. Escuela de Antropología y Sociología  
245 |a Política Social: vínculo entre Estado y sociedad /  |c Sergio Reuben Soto 
260 |a San José:   |b UCR  
300 |a 449 p.   |b fonodiscos  
650 |a ADMINISTRACION PUBLICA  
650 |a POLITICA SOCIAL  
650 |a REFORMA ADMINISTRATIVA  
700 |a ed.  
999 |c 12053  |d 12053